LEADER 01272nam0 2200289 450 001 000015341 005 20080828090516.0 100 $a20080818d2007----km-y0itay50------ba 101 0 $aita 102 $aIT 105 $ay-------001yy 200 1 $aFare i conti con la scuola nel Mezzogiorno$eanalisi dei divari fra le competenze dei quindicenni in Italia$fMarta Foresti, Aline Pennisi 210 $a[Roma]$cMinistero dell'Economia e delle Finanze, Dipartimento per le politiche di sviluppo, Unitą di valutazione degli investimenti pubblici$cProduzione editoriale Studiare Sviluppo$h2007 215 $a106 p.$cill.$d30 cm 225 2 $aMateriali UVAL$fUnitą di valutazione degli investimenti (UVAL)$iAnalisi e studi$v13 300 $ail testo č pubblicato anche in formato elettronico all'indirizzo http://www.dps.mef.gov.it/materialiuval 410 0$12001$aMateriali UVAL 610 1 $aScuola secondaria$aItalia 676 $a371.009457$v21 676 $a373.45$v21 700 1$aForesti,$bMarta$0631802 701 1$aPennisi,$bAline$0631803 801 0$aIT$bUNIPARTHENOPE$c20080818$gRICA$2UNIMARC 912 $a000015341 951 $aMUVAL/AS 338.9 - 13/07$b40793$cNAVA1$d2008 996 $aFare i conti con la scuola nel Mezzogiorno$91202768 997 $aUNIPARTHENOPE LEADER 01119nam 2200385 450 001 9910164217903321 005 20230809222729.0 010 $a1-4988-1504-9 035 $a(CKB)3710000001057495 035 $a(MiAaPQ)EBC4802755 035 $a(EXLCZ)993710000001057495 100 $a20170303h20172017 uy 0 101 0 $aeng 135 $aurcnu|||||||| 181 $2rdacontent 182 $2rdamedia 183 $2rdacarrier 200 10$aInfectious diseases of Zambia /$fStephen Berger 205 $a2017 edition. 210 1$aLos Angeles, California :$cGIDEON Informatics Inc.,$d2017. 210 4$d©2017 215 $a1 online resource (296 pages) $cillustrations (some color) 225 1 $aGideon E-Book Series 410 0$aGideon e-book series. 606 $aCommunicable diseases$xDiagnosis 615 0$aCommunicable diseases$xDiagnosis. 676 $a616.90475 700 $aBerger$b Stephen$01210032 801 0$bMiAaPQ 801 1$bMiAaPQ 801 2$bMiAaPQ 906 $aBOOK 912 $a9910164217903321 996 $aInfectious diseases of Zambia$93414619 997 $aUNINA